Top 20 plus grands pays d'Amérique du Nord - Statistiques

Statistiques générales
  • Ce quiz a été pris 119 fois
    41 depuis la dernière actualisation
  • Le résultat moyen est 11 sur 20
Statistiques - réponses
Rang Pays % Correct
1- Canada
100%
2- États-Unis
95%
3- Mexique
92%
4- Nicaragua
65%
6- Cuba
57%
5- Honduras
57%
12- Belize
51%
9- Costa Rica
51%
7- Guatemala
51%
11- Haïti
51%
15- Jamaïque
51%
10- République Dominicaine
51%
14- Bahamas
49%
8- Panama
49%
13- Salvador
49%
17- Dominique
43%
16- Trinité-et-Tobago
41%
20- Barbade
38%
18- Sainte-Lucie
38%
19- Antigua-et-Barbuda
32%
Aucun quiz correspondant
Distribution des résultats
% des personnes avec chaque résultat
Percentile par nombre de réponses
Votre historique - résultats
Vous n’avez pas pris ce quiz depuis la dernière actualisation